[Event "Politiken Cup"]
[Site "Copenhagen"]
[Date "2006.07.30"]
[Round "9.126"]
[White "Thingstad, Tormod"]
[Black "Tofte, Anders"]
[Result "1/2-1/2"]
[WhiteElo "1000"]
[BlackElo "1000"]
[PlyCount "111"]
[EventDate "2006.??.??"]

1. c4 e5 2. Nc3 Nf6 3. g3 Bc5 4. Bg2 O-O 5. Nf3 d6 6. O-O Be6 7. d3 Qd7 8. Ng5
Nc6 9. Rb1 d5 10. Nxe6 Qxe6 11. Nxd5 Qd6 12. a3 a6 13. b4 Ba7 14. Bb2 Rad8 15.
Kh1 b5 16. c5 Qe6 17. Nxc7 Qc8 18. Bxc6 Qxc7 19. Bg2 e4 20. d4 Rd5 21. Qc2 Re8
22. Rbd1 Rf5 23. f4 Qc6 24. e3 h5 25. Bh3 Rd5 26. f5 Ng4 27. Qe2 Qh6 28. Bxg4
hxg4 29. Qxg4 Qxe3 30. Rde1 Qd3 31. Rf4 e3 32. Qe2 Qb3 33. Rf3 f6 34. Ba1 Qxa3
35. Rxe3 Rxe3 36. Qxe3 Qxb4 37. Bc3 Qc4 38. Ra1 b4 39. Bxb4 Qxb4 40. Qe6+ Kh7
41. Qxd5 Qb5 42. Qd6 a5 43. Qc7 Qa6 44. Qxa5 Qb7+ 45. Kg1 Bb8 46. Qb6 Qe4 47.
Qxb8 Qxd4+ 48. Kg2 Qxa1 49. c6 Qa2+ 50. Kh3 Qc4 51. Qd6 Qf1+ 52. Kh4 Qxf5 53.
g4 g5+ 54. Kh3 Qf3+ 55. Qg3 Qxc6 56. Qd3+ 1/2-1/2